000 00605nam a2200229Ia 4500
001 dia_1219
003 CHAP
005 20230418182613.0
008 220117s1978 xx 000 0 und d
010 _a171761
040 _cCHAP
_amxchpua
082 _a523.018 F4
100 _aFerrer, Ricardo
_940410
245 _a128 Esquemas Paracticos de Electricidad
260 _aBarcelona, Sintes
_c1978
300 _a139 pp. ilus.
650 1 7 _aElectricidad
_936215
901 _a523.018 F4
902 _aM
905 _a0000001978 ESP 0000000000ESP00
942 _cLIBRO
_2ddc
999 _c171761
_d171761